[Event "Selfoss op"]
[Site "Selfoss"]
[Date "2019.11.21"]
[Round "1"]
[White "Gunnarsson, Jon Viktor"]
[Black "Sigurmundsson, Ingimundur"]
[Result "1-0"]
[WhiteElo "2439"]
[BlackElo "1875"]
[PlyCount "45"]
[EventDate "2019.11.21"]
[EventType "swiss"]
[EventRounds "7"]
[EventCountry "ISL"]
[SourceTitle "CBM 193 Extra"]
[Source "ChessBase"]
[SourceDate "2020.01.31"]
[SourceVersion "1"]
[SourceVersionDate "2020.01.31"]
[SourceQuality "1"]

1. e4 c5 2. Nf3 d6 3. d4 cxd4 4. Nxd4 Nf6 5. Nc3 a6 6. Nb3 b5 7. a4 b4 8. Nd5 e6 9. Nxf6+ Qxf6 10. Bd3 Bb7 11. Na5 Qe7 12. c3 bxc3 13. Qb3 cxb2 14. Bxb2 Bc8 15. Rc1 Nd7 16. Nc6 Qg5 17. 0-0 Be7 18. f4 Nc5 19. Qc4 Qh6 20. Nxe7 Kxe7 21. e5 Nd7 22. exd6+ Ke8 23. Qxc8+ 1-0

[Event "ISL-chT2 1516"]
[Site "Reykjavik"]
[Date "2016.03.05"]
[Round "7.4"]
[White "Sigurmundsson, Ingimundur"]
[Black "Birkisson, Bardur Orn"]
[Result "1-0"]
[WhiteElo "1874"]
[BlackElo "1854"]
[PlyCount "61"]
[EventDate "2015.09.25"]
[EventType "team-tourn"]
[EventRounds "7"]
[EventCountry "ISL"]
[SourceTitle "EXT 2017"]
[Source "ChessBase"]
[SourceDate "2016.10.25"]
[SourceVersion "1"]
[SourceVersionDate "2016.10.25"]
[SourceQuality "1"]
[WhiteTeam "Selfoss"]
[BlackTeam "Reykjavik III"]
[WhiteTeamCountry "ISL"]
[BlackTeamCountry "ISL"]

1. e4 c5 2. Nf3 d6 3. d4 cxd4 4. Nxd4 Nf6 5. Nc3 g6 6. f4 Bg7 7. e5 dxe5 8. fxe5 Nfd7 9. e6 Ne5 10. Bb5+ Kf8 11. 0-0 Qxd4+ 12. Qxd4 Nf3+ 13. Rxf3 Bxd4+ 14. Kh1 Bxe6 15. Rd3 Bb6 16. Bh6+ Kg8 17. Nd5 Bxd5 18. Rxd5 e6 19. Rd3 f5 20. Re1 Kf7 21. Bd7 Nxd7 22. Rxd7+ Kf6 23. Bg7+ Kg5 24. Bxh8 Rxh8 25. Rxe6 Rd8 26. Rxd8 Bxd8 27. Rd6 Bb6 28. Rd7 h5 29. g3 h4 30. Kg2 f4 31. Rd5+ 1-0

[Event "ISL-chT2 1516"]
[Site "Reykjavik"]
[Date "2016.03.04"]
[Round "5.4"]
[White "Vigfusson, Vigfus Odon"]
[Black "Sigurmundsson, Ingimundur"]
[Result "1-0"]
[WhiteElo "1957"]
[BlackElo "1874"]
[PlyCount "75"]
[EventDate "2015.09.25"]
[EventType "team-tourn"]
[EventRounds "7"]
[EventCountry "ISL"]
[SourceTitle "EXT 2017"]
[Source "ChessBase"]
[SourceDate "2016.10.25"]
[SourceVersion "1"]
[SourceVersionDate "2016.10.25"]
[SourceQuality "1"]
[WhiteTeam "Huginn III"]
[BlackTeam "Selfoss"]
[WhiteTeamCountry "ISL"]
[BlackTeamCountry "ISL"]

1. e4 c5 2. c3 d5 3. exd5 Qxd5 4. d4 Nc6 5. Nf3 Bg4 6. Be2 Rd8 7. 0-0 e6 8. Na3 Nf6 9. Nb5 Qd7 10. Bf4 Nd5 11. Bg3 a6 12. c4 axb5 13. cxd5 Bxf3 14. dxe6 fxe6 15. Bxf3 Nxd4 16. Bh5+ g6 17. Bg4 Bd6 18. Re1 0-0 19. Rc1 Bxg3 20. hxg3 Qf7 21. f4 b6 22. Re4 Kg7 23. Qe1 Rfe8 24. b4 h5 25. Bh3 Rd5 26. Qc3 e5 27. Qe3 Qf6 28. Re1 Nc2 29. Qb3 Rd2 30. Qc3 Red8 31. Rxe5 Kh6 32. Rf1 Nxb4 33. Rxh5+ Kg7 34. Rh7+ Kxh7 35. Qxf6 R8d6 36. Qf7+ Kh6 37. f5 g5 38. f6 1-0

[Event "ISL-chT2 1011"]
[Site "Reykjavik"]
[Date "2010.10.08"]
[Round "1.3"]
[White "Sigurmundsson, Ingimundur"]
[Black "Jonsson, Bjorn"]
[Result "1-0"]
[WhiteElo "1775"]
[BlackElo "2039"]
[PlyCount "41"]
[EventDate "2010.10.08"]
[EventType "team"]
[EventRounds "7"]
[EventCountry "ISL"]
[SourceTitle "EXT 2014"]
[Source "ChessBase"]
[SourceDate "2013.11.20"]
[SourceVersion "1"]
[SourceVersionDate "2013.11.20"]
[SourceQuality "1"]

1. e4 c5 2. Nf3 d6 3. d4 cxd4 4. Nxd4 Nf6 5. Nc3 a6 6. Bg5 e6 7. f4 Qc7 8. Bxf6 gxf6 9. f5 Qc5 10. Be2 h5 11. Rf1 h4 12. fxe6 fxe6 13. Rxf6 Ke7 14. Rf3 Bg7 15. Rd3 Rf8 16. Qd2 Be5 17. Qg5+ Rf6 18. Nf5+ exf5 19. Nd5+ Ke6 20. exf5+ Rxf5 21. Qe7# 1-0